000 004200000a22001810004500
003 MACL
005 20150915162732.0
008 150915b xxu||||| |||| 00| 0 eng d
040 _aMACL
_cMACL
041 _aEnglish
082 _a823/NAR
100 _anarasimhan , raji
_911312
245 _aAtonement
260 _aNew Delhi
_bRead Books
_c2008
350 _a295
650 _aNovel
_9153
942 _cBK
_k823/NAR
_2ddc
999 _c44335
_d44335